Responses for Show #6667 - Tuesday, September 17, 2013

Jared Hall game 4.

Contestants

[<< previous game]

Tova Meyer, a graduate student in education from Princeton, New Jersey

Melissa Jurgens, a lawyer from Arlington, Virginia

Jared Hall, a graduate student in global policy studies from Austin, Texas (whose 3-day cash winnings total $88,401)

[next game >>]

Jeopardy! Round responses

ISLANDS
NAME-DROPPING SONGS
JUST CURIOUS
POTENT POTABLES
(Alex: With Kathie Lee and Hoda.)
DIRECT FROM THE DICTIONARY
OP-EDS
    $200 1
Easter Island

Melissa
    $200 2
Molly

Jared
    $200 8
Curious George

Jared
    $200 10
a martini

Jared
    $200 17
(Melissa: What is infertile?)

sterile

MelissaTova
    $200 16
JFK

Tova
    $400 3
the Falklands

Melissa
    $400 4
Jenny

Melissa
    $400 13
Altoids

Melissa
    $400 14
(Alex: I should point out that as we go along through this category you will notice something happening to the two ladies. But that's to come.... after this.)

legs

Melissa
    $400 20
an eclipse

Tova
    $400 19
(Alex: Yes, and it has.)

Detroit

Tova
    $600 9
the Shetland Islands

Tova
    $600 5
Delilah

Melissa
    $600 27
Alice

Jared
    $600 15
cholesterol

Jared
    $600 21
a gaggle

Melissa
    $600 23
impeachment

Jared
    $1,000 11
Cyprus

Jared
    $800 6
Sally

Tova
    $800 29
Fitzgerald

Tova
    $800 18
Nebuchadnezzar

Jared
    $800 26
vain

Melissa
    $800 24
drones

Jared
    $1000 12
New Guinea

Triple Stumper
    $1000 7
Diana

Melissa
    $1000 30
(Jared: What is Bon Appetit?)

Epicurious

JaredTova
    $1000 22
(Alex: And one thing we can say with certainty right now is it would be fun to spend time with those two ladies.)
[Laughter]

carbon dioxide

Jared
    $1000 28
quadruped

Jared
    $1000 25
(Margaret) Thatcher

Tova

Scores at the first commercial break (after clue 14):

Jared Melissa Tova
$1,600 $3,400 $1,400

Scores at the end of the Jeopardy! Round:

Jared Melissa Tova
$6,000 $4,600 $5,400

Double Jeopardy! Round responses

I MADE UP YOUR MIND
(Alex: You have to identify the author for us.)
ANATOMY
(Alex: And in honor of the anniversary of the signing of our constitution, clues about our rights in...)
CONSTITUTION DAY
BALLET DANCERS IN THE CINEMA
AMERICANA
"OP" ENDS
    $400 11
the appendix

Jared
    $400 6
equal protection

Jared
    $400 16
Norman Rockwell

Jared
    $400 1
Aesop

Melissa
    $800 26
Mary Shelley

Jared
    $800 12
the deltoid

Jared
    $800 7
a trial

Melissa
    $800 28
(Melissa: Who is Han Christian Andersen?)
[Initially credited as correct; reversed before Final Jeopardy!]
[The end-of-round signal sounds.]

Hans Christian Andersen

Melissa
Triple Stumper
    $800 17
the Statue of Liberty

Jared
    $800 2
cop a plea

Melissa
    $1200 25
Robert Louis Stevenson

Triple Stumper
    $5,000 13
a tendon

Jared
    $1200 8
the right to vote

Jared
    $1200 27
Witness

Jared
    $5,000 18
Plymouth Rock

Jared
    $1200 3
bebop

Melissa
    $1600 24
Stieg Larsson

Jared
    $1600 14
the thyroid

Jared
    $1600 9
the 4th Amendment

Melissa
    $1600 22
Baryshnikov

Jared
    $1600 19
Columbia

Jared
    $1600 4
slop

Jared
    $2000 23
Kurt Vonnegut Jr.

Triple Stumper
    $2000 15
the solar plexus

Jared
    $2000 10
petition

Jared
    $2000 21
(Melissa: Who is Tallchief?)
(Alex: Which one?)
(Melissa: Uhhhm, Martha?)

Maria Tallchief

MelissaTova
    $2000 20
the Mummers

Tova
    $2000 5
(Jared: What is a...)

a sop

Jared
Triple Stumper

Scores at the end of the Double Jeopardy! Round:

Jared Melissa Tova
$32,000 $6,600 $9,400
(lock game)

[wagering suggestions for these scores]

Final Jeopardy! Round responses

U.S. PLACES
(Alex: [To Jared] The site of the Wright Brothers' flight.)
MelissaWhat is I dont kn
$6,599
TovaWhat is ?
$3,900
JaredWhat is Kitty Hawk, NC
$10,000
Kitty Hawk, North Carolina

Final scores:

Jared Melissa Tova
$42,000 $1 $5,500
4-day champion: $130,401 3rd place: $1,000 2nd place: $2,000

Game dynamics:

Coryat scores:

Jared Melissa Tova
$24,200 $6,600 $9,400
28 R
(including 3 DDs),
2 W
14 R,
3 W
11 R,
0 W

Combined Coryat: $40,200

[game clues] [game scores] [suggest correction]

Game tape date: 2013-08-20
The J! Archive is created by fans, for fans. Scraping, republication, monetization, and malicious use prohibited; this site may use cookies and collect identifying information. See terms. The Jeopardy! game show and all elements thereof, including but not limited to copyright and trademark thereto, are the property of Jeopardy Productions, Inc. and are protected under law. This website is not affiliated with, sponsored by, or operated by Jeopardy Productions, Inc. Join the discussion at JBoard.tv.